000 00940nmc a2200349 a 4500
003 AR-BaBNM
005 20251128204347.0
008 215019s1993 ||||||||||||||000 | spa||
020 _a950-9732-11-1
040 _cAR-BaBNM
100 1 _aCabal, Graciela Beatriz
245 1 0 _a¿Quién manda en la ciudad?
250 _a4ª ed.
260 _aBuenos Aires
_bCoquena Grupo Editor
_c1993
300 0 _ap. irreg.
_bil.
490 0 _aEntender y participar
_vv. 12
521 _aPRIMARIO
650 4 _aEDUCACION CIVICA
650 4 _aENSENANZA DE LAS CIENCIAS SOCIALES
650 4 _aSISTEMAS POLITICOS
650 4 _aADMINISTRACION PUBLICA
650 4 _aDERECHO ADMINISTRATIVO
650 4 _aGOBIERNO LOCAL
650 4 _aADMINISTRACION MUNICIPAL
650 4 _aMUNICIPIOS
650 4 _aCIUDADES
651 4 _aArgentina
653 0 _aPODER CIUDADANO
700 1 _aKern, Sergio
_eilustrador
942 _cBK
998 _cHector
999 _c7152
_d7152